| 000 | 00690nam a2200265Ia 4500 | ||
|---|---|---|---|
| 008 | 190123s9999 xx 000 0 und d | ||
| 020 | _a9780590420570 | ||
| 050 | _bM216 1990 | ||
| 100 | _aMahy, Margaret | ||
| 245 | 4 | _aThe seven Chinese brothers / | |
| 245 | 0 | _cby Margaret Mahy ; illustrated by Jean and Mou-sien Tseng. | |
| 260 | _aNew York, New York : | ||
| 260 | _bScholastic, | ||
| 260 | _c1990 | ||
| 300 | _aunpaged : | ||
| 300 | _bcolored illustrations ; | ||
| 300 | _c20cm. | ||
| 500 | _a820L | ||
| 650 | _aChina. | ||
| 650 | _aFairy tales. | ||
| 650 | _aFolklore. | ||
| 650 | _aTalking books for children. | ||
| 700 | _aTitle. | ||
| 700 | _aTseng, Mou-sien. | ||
| 999 |
_c361112 _d361112 |
||